| 000 | 00825cam a2200265 i 4500 | ||
|---|---|---|---|
| 008 | |||
| 020 | _a9781118978771 (hbk.) | ||
| 049 | _aMAIN | ||
| 090 | 0 |
_aTK1007 _bKEY |
|
| 100 | 1 | _aKeyhani, Ali. | |
| 245 | 1 | 0 |
_aDesign of smart power grid renewable energy systems / _cAli Keyhani. |
| 250 | _a2nd edition. | ||
| 260 |
_aHoboken, New Jersey : _bIEE, _c2017. |
||
| 300 |
_axix, 566 pages ; _c25 cm |
||
| 500 | _aIncludes index. | ||
| 504 | _aIncludes bibliographical references. | ||
| 650 | 0 |
_aSmart power grids _xDesign and construction. |
|
| 650 | 0 |
_aElectric power systems _xAutomatic control. |
|
| 650 | 0 | _aRenewable energy sources. | |
| 907 |
_a.b10388977 _b19-02-18 _c19-02-18 |
||
| 003 | |||
| 005 | 20230123141102.0 | ||
| 040 | _cNUST | ||
| 942 |
_cBOOKS _kTK1007 _mKEY |
||
| 999 |
_c167420 _d167420 |
||